Tinta negra 1 : cuentos policiales /
Guardado en:
| Autor Principal: | |
|---|---|
| Otros Autores: | , , , , , , , , , , , , |
| Formato: | Libro |
| Idioma: | Undetermined |
| Publicado: |
Buenos Aires :
La Estación,
2013.
|
| Edición: | 1a ed. |
| Materias: | |
| Etiquetas: |
Agregar Etiqueta
Sin Etiquetas, Sea el primero en etiquetar este registro!
|
| LEADER | 01644nam a22003615a 4500 | ||
|---|---|---|---|
| 001 | CEM.cems024912 | ||
| 008 | 251002s2013####ag############000#0#und#d | ||
| 005 | 20251002154219.0 | ||
| 245 | 1 | 0 | |a Tinta negra 1 : |b cuentos policiales / |c Dirigido por Raúl A. González ; introducción, notas y actividades Aníbal Fenoglio ; traducido por Pablo Usabiaga ; ilustrado por Fernando Sawa, Andrés Lozano y Pablo Temes. |
| 250 | |a 1a ed. | ||
| 260 | |a Buenos Aires : |b La Estación, |c 2013. | ||
| 300 | |a 175 p. | ||
| 500 | |a Incluye biografía de los autores. | ||
| 500 | |a Cuadro de movimientos literarios p.172. | ||
| 505 | 0 | |a La carta robada / Edgar Allan Poe -- Un caso de identidad / Arthur Conan Doyle -- Los tres instrumentos de la muerte / Gilbert Keith Chesterton -- Simbiosis / Rodolfo Walsh -- La pesca / Velmiro Ayala Gauna -- Una hora / Dashiel Hammett -- Nido de avispas / Agatha Mary Clarissa Miller Christie Mallowan -- Por amor a la señorita Blandish / Ramón Díaz Eterovic | |
| 020 | |a 9789871652068 | ||
| 100 | 1 | |a González, Raúl A.; dir. | |
| 700 | 1 | |a Fenoglio, Aníbal; prol. | |
| 700 | 1 | |a Usabiaga, Pablo; trad. | |
| 700 | 1 | |a Sawa, Fernando; il. | |
| 700 | 1 | |a Lozano, Andrés; il. | |
| 700 | 1 | |a Temes, Pablo; il. | |
| 700 | 1 | |a Poe, Edgar Allan. | |
| 700 | 1 | |a Doyle, Arthur Conan. | |
| 700 | 1 | |a Chesterton, G. K. | |
| 700 | 1 | |a Walsh, Rodolfo. | |
| 700 | 1 | |a Ayala Gauna, Velmiro. | |
| 700 | 1 | |a Hammett, Dashiel. | |
| 700 | 1 | |a Christie, Agatha. | |
| 700 | 1 | |a Díaz Eterovic, Ramón. | |
| 653 | |a Literatura policial | ||
| 653 | |a Antología literaria | ||
| 859 | |a CEMS |b BIB. CEMS - 11 de abril |h 808.8 |i G643 |p 30417.25 |t Ej.1 | ||
